| 000 | 00850nam a22002417a 4500 | ||
|---|---|---|---|
| 999 |
_c5150 _d5150 |
||
| 003 | AR-CdUCM | ||
| 008 | 190312b ||||| |||| 00| 0 spa d | ||
| 040 |
_aMUNICIPALIDAD PROVINCIAL DEL CUSCO _cBIBLIOTECA MUNICIPAL DEL CUSCO |
||
| 082 |
_a371 / _bR78 |
||
| 100 |
_aRojas R, Ibico _915644 |
||
| 245 |
_aLenguaje : _bLingüistica y Metodologia / |
||
| 260 |
_aLima : _bTalleres Graficos del Instituto Nacional de Investigación y Desarrollo de la Educación, _c1977. |
||
| 300 |
_a241 paginas ; _bDibujos, graficos, _c20cm. |
||
| 440 |
_aMinisterio de Educación _915645 |
||
| 505 | _aContenido: Fundamentos Lingüisticos -- Bases Metodologicos | ||
| 650 |
_aEducación _9460 |
||
| 650 |
_aMetodologia _92264 |
||
| 650 |
_aLiteratura _983 |
||
| 650 |
_aLenguaje _95227 |
||
| 700 |
_agarcia V, Lilly _915646 |
||
| 942 |
_2ddc _cLIBROS |
||
| 945 | _apjha | ||